Lịch sử mĩ thuật thế giới

Khái quát về lịch sử mĩ thuật thế giới. Mĩ thuật cổ đại và phục hưng. Mĩ thuật châu Âu thế kỷ XVII đến thế kỷ XX và nghệ thuật châu Á

保存先:
書誌詳細
第一著者: Phạm Thị Chỉnh
フォーマット: 図書
言語:Vietnamese
出版事項: H. Đại học Sư phạm 2012
版:In lần thứ 5
主題:
タグ: タグ追加
タグなし, このレコードへの初めてのタグを付けませんか!
Thư viện lưu trữ: Mạng thư viện Đại học Đà Nẵng
LEADER 01510aam a22003858a 4500
001 000023233
003 19683
005 20150605140618.0
008 150604s2012 viesd
020 |c 60000đ  |d 215b 
041 0 |a vie 
082 1 4 |2 14  |a 709  |b PH-C 
100 1 |a Phạm Thị Chỉnh 
245 1 0 |a Lịch sử mĩ thuật thế giới  |c Phạm Thị Chỉnh 
246 |a Lịch sử mỹ thuật thế giới 
250 |a In lần thứ 5 
260 |a H.  |b Đại học Sư phạm  |c 2012 
300 |a 214 tr.  |b minh hoạ  |c 24 cm. 
500 |a Đầu bìa sách ghi: Bộ Giáo dục và Đào tạo. Dự án Đào tạo Giáo viên THCS 
504 |a Thư mục: tr. 213 
520 |a Khái quát về lịch sử mĩ thuật thế giới. Mĩ thuật cổ đại và phục hưng. Mĩ thuật châu Âu thế kỷ XVII đến thế kỷ XX và nghệ thuật châu Á 
650 0 4 |2 Bộ TK TVQG  |a Mỹ thuật  |x Lịch sử  |z Thế giới 
650 7 |2 Bộ TK TVQG 
651 7 |2 Bộ TK TVQG  |a Thế giới 
653 |a Mĩ thuật 
OWN |a LSP 
AVA |a UDN50  |b LSP  |d 709 PH-C  |e check_holdings  |t Error 5003 Not defined in file expand_doc_bib_avail.  |h N  |k 1 
999 |a From the UDN01 
AVA |a UDN50  |b LSP  |d 709 PH-C  |e available  |t Error 5001 Not defined in file expand_doc_bib_avail.  |f 30  |g 2  |h N  |i 52  |k 1 
TYP |a Monograph 
TYP |a Printed language 
980 |a Mạng thư viện Đại học Đà Nẵng